[Event "8.HK 60 aars Jubilaeumsturnering 2003"]
[Site "Farum"]
[Date "2003.10.14"]
[Round "3"]
[White "Jensen, Jonbert"]
[Black "Lilja, Richard"]
[Result "0-1"]
[WhiteElo "1291"]
[BlackElo "2115"]
[PlyCount "98"]
[EventDate "2003.??.??"]

1. e4 c5 2. Nf3 d6 3. d4 cxd4 4. Nxd4 Nf6 5. Nc3 g6 6. Bb5+ Bd7 7. O-O Bg7 8.
a4 O-O 9. Kh1 Nc6 10. Nxc6 bxc6 11. Be2 Rb8 12. Rb1 Rb4 13. Bd3 d5 14. exd5
cxd5 15. b3 Re8 16. Bg5 Bc6 17. Qd2 Qd6 18. Nb5 Bxb5 19. Bxb5 Rc8 20. f3 a6 21.
Bd3 Rcb8 22. Qf2 e5 23. Be3 Nd7 24. Rbd1 Re8 25. Bc4 Rxc4 26. bxc4 d4 27. Qe1
Qe6 28. Bc1 Qxc4 29. Qe4 Qxa4 30. Qd5 Nb6 31. Qb3 Qc6 32. Rf2 a5 33. Bb2 a4 34.
Qd3 Nc4 35. Ba1 Qc5 36. Re2 Rb8 37. c3 Ne3 38. Rde1 Rb3 39. Qe4 Qb5 40. Qa8+
Bf8 41. Qe4 f5 42. Qh4 d3 43. Rd2 Nc2 44. c4 Qb4 45. Bxe5 Qxd2 46. Rg1 Qe3 47.
Qf6 Qxg1+ 48. Kxg1 Bc5+ 49. Kf1 Rb1# 0-1

[Event "8.HK 60 aars Jubilaeumsturnering 2003"]
[Site "Farum"]
[Date "2003.10.14"]
[Round "3"]
[White "Christoffersen, Jan"]
[Black "Hein, Jacob"]
[Result "1-0"]
[WhiteElo "1422"]
[BlackElo "1338"]
[PlyCount "97"]
[EventDate "2003.??.??"]

1. e4 d6 2. d4 Nf6 3. Bd3 Nbd7 4. Ne2 e5 5. c3 b6 6. b4 Bb7 7. d5 c6 8. c4 Qc7
9. Nbc3 a6 10. O-O Be7 11. Bb2 g5 12. Ng3 h5 13. Nf5 Bf8 14. Rc1 h4 15. dxc6
Bxc6 16. Nd5 Qb7 17. a4 Nh5 18. b5 axb5 19. cxb5 Bxd5 20. exd5 Qxd5 21. Qc2 Nc5
22. Bc4 Qb7 23. Rcd1 Nf4 24. f3 Rd8 25. Rfe1 f6 26. Nd4 Qd7 27. Nc6 Rc8 28. Bc1
Qg7 29. Qf5 Rc7 30. Ba3 Rd7 31. Bxc5 bxc5 32. b6 d5 33. Bb5 Bd6 34. b7 Rxb7 35.
Qc8+ Kf7 36. Qxb7+ Kg6 37. Bd3+ e4 38. Bxe4+ dxe4 39. Qxg7+ Kxg7 40. Rxd6 exf3
41. Re7+ Kg6 42. gxf3 Kf5 43. Rf7 Rh6 44. a5 g4 45. fxg4+ Kxg4 46. Rdxf6 Nh3+
47. Kg2 Rh5 48. Rg6+ Ng5 49. Ne5# 1-0

[Event "8.HK 60 aars Jubilaeumsturnering 2003"]
[Site "Farum"]
[Date "2003.10.14"]
[Round "3"]
[White "Olsen, Ole"]
[Black "Nielsen, Erik"]
[Result "0-1"]
[WhiteElo "1179"]
[BlackElo "1390"]
[PlyCount "106"]
[EventDate "2003.??.??"]

1. e4 c5 2. Nc3 Nc6 3. Bc4 e6 4. Nf3 Nf6 5. d3 h6 6. Bf4 d6 7. O-O Be7 8. Re1
O-O 9. a3 a6 10. Ba2 e5 11. Be3 Bg4 12. Nd5 Rc8 13. h3 Bh5 14. Nxf6+ Bxf6 15.
g4 Bg6 16. Kh2 Nd4 17. c3 Ne6 18. Bd5 Rc7 19. Rg1 Ng5 20. Nxg5 Bxg5 21. Bxg5
Qxg5 22. Qf3 b5 23. b3 Qd2 24. c4 bxc4 25. Bxc4 a5 26. a4 Kh8 27. Qe3 Qxe3 28.
fxe3 f6 29. h4 Rb7 30. Rg3 Bf7 31. Rb1 Bxc4 32. dxc4 Rfb8 33. Rd1 Rxb3 34. Rxd6
R3b4 35. Rd7 Rxc4 36. g5 fxg5 37. hxg5 h5 38. Rh3 g6 39. Rd5 Rxe4 40. Rxc5 Rb2+
41. Kh1 Rxa4 42. Rc1 Rg4 43. Rg1 Rxg1+ 44. Kxg1 a4 45. e4 Rb3 46. Rh2 Re3 47.
Ra2 Rxe4 48. Kf2 Kg7 49. Kf3 Rf4+ 50. Ke3 Kf7 51. Rc2 Ke6 52. Rc6+ Kf5 53. Rc5
h4 0-1

[Event "8.HK 60 aars Jubilaeumsturnering 2003"]
[Site "Farum"]
[Date "2003.10.14"]
[Round "3"]
[White "Pedersen, Jens Kornbaek"]
[Black "Larsen, Alex"]
[Result "0-1"]
[WhiteElo "1339"]
[BlackElo "1234"]
[PlyCount "100"]
[EventDate "2003.??.??"]

1. c4 e6 2. d4 d5 3. cxd5 exd5 4. Nc3 c6 5. Nf3 Bb4 6. e3 Nf6 7. Be2 O-O 8. O-O
Ne4 9. Nxe4 dxe4 10. Ne5 Be6 11. Qc2 Bd5 12. f3 f5 13. Bc4 Qd6 14. a3 Ba5 15.
b4 Bc7 16. Bb2 Nd7 17. fxe4 Bxc4 18. Qxc4+ Kh8 19. exf5 Rae8 20. Rad1 Nb6 21.
Qb3 Nd5 22. e4 Nf6 23. Rde1 Re7 24. g3 Bb6 25. Nc4 Qc7 26. Nxb6 Qxb6 27. e5 Nd5
28. g4 Rfe8 29. Qg3 a5 30. Re4 axb4 31. axb4 Nxb4 32. Ba3 c5 33. Rb1 Qa7 34.
Bxb4 cxb4 35. Rxb4 Rc7 36. Qf4 Qa1+ 37. Qf1 Rc1 38. Rf4 Rxf1+ 39. Rxf1 Qc3 40.
Rfb1 Qe3+ 41. Kg2 h5 42. R1b3 Qe2+ 43. Kg1 Qxg4+ 44. Rg3 Qd1+ 45. Kf2 Qd2+ 46.
Kf3 Qxb4 47. Ke4 Rd8 48. Rd3 Qe1+ 49. Re3 Qh4+ 50. Kd3 Qxd4+ 0-1

[Event "8.HK 60 aars Jubilaeumsturnering 2003"]
[Site "Farum"]
[Date "2003.10.15"]
[Round "4"]
[White "Rathlev, Jakob"]
[Black "Bromann, Thorbjorn"]
[Result "1/2-1/2"]
[WhiteElo "2203"]
[BlackElo "2323"]
[PlyCount "20"]
[EventDate "2003.??.??"]

1. d4 d5 2. Nf3 Nc6 3. Bf4 Bg4 4. Ne5 Nxe5 5. Bxe5 Nf6 6. c3 Nd7 7. Bg3 e6 8.
Nd2 c5 9. Qa4 cxd4 10. Qxd4 Qg5 1/2-1/2

[Event "8.HK 60 aars Jubilaeumsturnering 2003"]
[Site "Farum"]
[Date "2003.10.15"]
[Round "4"]
[White "Strange, Mikkel"]
[Black "Lauritsen, Martin Lee"]
[Result "0-1"]
[WhiteElo "2256"]
[BlackElo "1955"]
[PlyCount "154"]
[EventDate "2003.??.??"]

1. e4 c5 2. Nf3 Nc6 3. d4 cxd4 4. Nxd4 e5 5. Nb5 d6 6. N1c3 a6 7. Na3 b5 8. Nd5
Nce7 9. c4 Nxd5 10. cxd5 Nf6 11. Bd3 Be7 12. O-O O-O 13. Nc2 Nd7 14. a4 bxa4
15. Rxa4 Nc5 16. Ra3 a5 17. b4 Nxd3 18. Qxd3 f5 19. Ne3 fxe4 20. Qxe4 Ba6 21.
Rd1 Rf4 22. Qb1 Rxb4 23. Qa2 a4 24. Bd2 Re4 25. Ra1 Bc8 26. Qc2 Rf4 27. g3 Rf8
28. Rxa4 Rxa4 29. Rxa4 Bg5 30. h4 Bxe3 31. Bxe3 Bb7 32. Qb3 Ba8 33. Ra6 Qd7 34.
Ra7 Qc8 35. Qa2 Bb7 36. Qb3 Rf7 37. Ra5 Rd7 38. Rb5 Kf7 39. Qb1 g6 40. Bh6 Qa8
41. Qd1 Kg8 42. Qg4 Re7 43. Bg5 Bc8 44. Qd1 Rb7 45. Qb1 Bf5 46. Qb2 Rxb5 47.
Qxb5 Be4 48. f3 Bxf3 49. Bh6 Bxd5 50. Qd7 Qa1+ 51. Kf2 Qb2+ 52. Ke1 Qc3+ 53.
Kf2 Qf3+ 54. Ke1 Qxg3+ 55. Kd2 Qf2+ 56. Kc1 Qe1+ 57. Kb2 Qb4+ 58. Kc1 Qc3+ 59.
Kb1 Be4+ 60. Ka2 Qc2+ 61. Ka3 Qc5+ 62. Kb3 Qb6+ 63. Ka3 Qa6+ 64. Kb4 Qb7+ 65.
Qxb7 Bxb7 66. Kc4 Kf7 67. Kd3 d5 68. Ke3 d4+ 69. Kd3 Ke6 70. Bg7 Kd5 71. Bf6
e4+ 72. Kd2 e3+ 73. Ke1 d3 74. h5 Ke4 75. hxg6 d2+ 76. Kd1 Kd3 77. gxh7 e2# 0-1

[Event "8.HK 60 aars Jubilaeumsturnering 2003"]
[Site "Farum"]
[Date "2003.10.15"]
[Round "4"]
[White "Kongsted, Halfdan Christian"]
[Black "Auchenberg, Per"]
[Result "1-0"]
[WhiteElo "2280"]
[BlackElo "2098"]
[PlyCount "45"]
[EventDate "2003.??.??"]

1. d4 Nf6 2. Bg5 Ne4 3. Bf4 c5 4. f3 Qa5+ 5. c3 Nf6 6. d5 d6 7. e4 g6 8. Qd2 h5
9. Na3 Qd8 10. Nc4 Nbd7 11. Nh3 Bg7 12. a4 Nb6 13. Nf2 Bd7 14. b3 O-O 15. Ne3
Nc8 16. Bc4 a6 17. O-O Na7 18. Ra2 Qa5 19. Nd3 Ne8 20. e5 dxe5 21. Bxe5 Bxe5
22. Nxe5 Qc7 23. Nxg6 1-0

[Event "8.HK 60 aars Jubilaeumsturnering 2003"]
[Site "Farum"]
[Date "2003.10.15"]
[Round "4"]
[White "Hansen, Lars Henrik Bech"]
[Black "Erichsen, Dan"]
[Result "0-1"]
[WhiteElo "2090"]
[BlackElo "2154"]
[PlyCount "93"]
[EventDate "2003.??.??"]

1. e4 e5 2. Nf3 Nc6 3. d4 exd4 4. Bc4 Nf6 5. O-O Nxe4 6. Re1 d5 7. Bxd5 Qxd5 8.
Nc3 Qh5 9. Nxe4 Be6 10. Neg5 O-O-O 11. Nxe6 fxe6 12. Rxe6 Bd6 13. Qe2 d3 14.
cxd3 Nd4 15. Qe3 Nc2 16. Qxa7 Nxa1 17. Bg5 Rde8 18. Qa8+ Kd7 19. Rxd6+ Kxd6 20.
Bf4+ Ke7 21. Qxb7 Qc5 22. d4 Qb6 23. Qd5 Kf8 24. Be5 Qg6 25. h4 h6 26. Bxc7 Qf7
27. Qc6 Kg8 28. d5 Kh7 29. d6 Rhf8 30. d7 Re1+ 31. Kh2 Rd1 32. Qe4+ Kg8 33. Ne5
Qe6 34. Qa4 Rd5 35. f4 Rd2 36. Qb4 Rxd7 37. Nxd7 Qxd7 38. Be5 Qc6 39. Qe7 Qg6
40. Qc7 Rf7 41. Qc8+ Kh7 42. g4 Qc2+ 43. Qxc2+ Nxc2 44. Kg3 Nb4 45. a3 Nd3 46.
h5 Rb7 47. g5 0-1

[Event "8.HK 60 aars Jubilaeumsturnering 2003"]
[Site "Farum"]
[Date "2003.10.15"]
[Round "4"]
[White "Andersen, Ib Hother"]
[Black "Hejberg, Carsten"]
[Result "1-0"]
[WhiteElo "2137"]
[BlackElo "2062"]
[PlyCount "61"]
[EventDate "2003.??.??"]

1. e4 c6 2. d4 d5 3. Nc3 g6 4. e5 Bg7 5. f4 h5 6. Nf3 Nh6 7. Be3 Bg4 8. h3 Bxf3
9. Qxf3 h4 10. Bd3 e6 11. O-O Nd7 12. Ne2 Rc8 13. b3 a6 14. c4 dxc4 15. bxc4 b5
16. cxb5 axb5 17. Rfc1 Nb8 18. Be4 Qd7 19. Rc2 Nf5 20. Rac1 Ne7 21. Bf2 Nd5 22.
Nc3 Nb4 23. Nxb5 Nxc2 24. Nd6+ Kd8 25. Rxc2 Rc7 26. d5 exd5 27. Bxd5 cxd5 28.
Bb6 Na6 29. Qa3 Ke7 30. Nb5+ Ke6 31. Nd4# 1-0

[Event "8.HK 60 aars Jubilaeumsturnering 2003"]
[Site "Farum"]
[Date "2003.10.15"]
[Round "4"]
[White "Ohayv, Nikolaj"]
[Black "Bogdanov, Dimitri"]
[Result "0-1"]
[WhiteElo "1967"]
[BlackElo "2111"]
[PlyCount "80"]
[EventDate "2003.??.??"]

1. e4 g6 2. f4 Bg7 3. Nf3 c5 4. d3 Nc6 5. Be2 e6 6. O-O Nge7 7. c3 O-O 8. Be3
b6 9. Nbd2 Ba6 10. g4 f5 11. h3 d5 12. gxf5 dxe4 13. dxe4 Bxe2 14. Qxe2 exf5
15. Ng5 Qd7 16. Qc4+ Kh8 17. Nf7+ Rxf7 18. Qxf7 fxe4 19. Nxe4 Qxh3 20. Bd2 Qg4+
21. Kf2 Rf8 22. Qc4 Bh6 23. Qe2 Qh4+ 24. Kg2 Nf5 25. Rh1 Qd8 26. Raf1 Nce7 27.
c4 Nc6 28. Bc3+ Ncd4 29. Qf2 Qa8 30. Re1 Re8 31. Rxh6 Rxe4 32. Bxd4+ Rxd4+ 33.
Kg1 Nxh6 34. Qh4 Kg7 35. Re7+ Nf7 36. Rxf7+ Kxf7 37. Qxh7+ Kf6 38. Qh4+ Ke6 39.
Qg4+ Kf7 40. f5 Rxg4+ 0-1

[Event "8.HK 60 aars Jubilaeumsturnering 2003"]
[Site "Farum"]
[Date "2003.10.15"]
[Round "4"]
[White "Skjoldan, Benjamin"]
[Black "Pallesen, Jacob"]
[Result "1/2-1/2"]
[WhiteElo "2104"]
[BlackElo "2059"]
[PlyCount "118"]
[EventDate "2003.??.??"]

1. d4 f5 2. g3 Nf6 3. Bg2 g6 4. Nf3 Bg7 5. O-O O-O 6. Nc3 d6 7. Qd3 Nc6 8. Ng5
d5 9. e3 Ne4 10. Nh3 e5 11. dxe5 Nb4 12. Qb5 Nxc2 13. Rb1 Na3 14. bxa3 Nxc3 15.
Qb3 Nxb1 16. f4 c6 17. Qxb1 Qb6 18. Qd3 h6 19. Bd2 Be6 20. Rb1 Qc7 21. Bb4 Rf7
22. Bd6 Qd7 23. Nf2 Bf8 24. Bxf8 Raxf8 25. Rd1 Qc7 26. g4 Rd7 27. Bh3 Rg7 28.
Kh1 Qd7 29. Qe2 Qe7 30. Rd3 Qh4 31. Rd1 g5 32. gxf5 Bxf5 33. Bxf5 Rxf5 34. Qc2
Rf8 35. f5 g4 36. f6 g3 37. Nd3 Qe4+ 38. Qg2 Rg4 39. Qxe4 Rxe4 40. Re1 gxh2 41.
Kxh2 Kf7 42. Rg1 Rh4+ 43. Kg3 Rg8+ 44. Kxh4 Rxg1 45. Kh5 b6 46. Nb4 Rg5+ 47.
Kxh6 Rxe5 48. Nxc6 Rxe3 49. Kg5 Rg3+ 50. Kf5 Rxa3 51. Ne5+ Kf8 52. Ke6 Re3 53.
Kxd5 Rxe5+ 54. Kxe5 Kf7 55. Kf5 b5 56. Ke5 a6 57. Kd6 Kxf6 58. Kc6 Ke6 59. Kb6
Kd5 1/2-1/2

[Event "8.HK 60 aars Jubilaeumsturnering 2003"]
[Site "Farum"]
[Date "2003.10.15"]
[Round "4"]
[White "Moller, Arne Vagn"]
[Black "Ulrich, Jesper"]
[Result "0-1"]
[WhiteElo "1945"]
[BlackElo "2082"]
[PlyCount "104"]
[EventDate "2003.??.??"]

1. e4 g6 2. d4 Bg7 3. Be3 d6 4. c3 Nf6 5. f3 c6 6. Bd3 e5 7. Ne2 O-O 8. O-O Qe7
9. Qe1 Ne8 10. Nd2 f5 11. dxe5 Bxe5 12. f4 Bg7 13. Ng3 b6 14. exf5 gxf5 15. Nh5
Nf6 16. Nxg7 Qxg7 17. Rf3 Kh8 18. Bd4 c5 19. Rg3 Qh6 20. Bxf6+ Qxf6 21. Bc4 Bb7
22. Qe6 Qxe6 23. Bxe6 Nc6 24. Rg5 Ne7 25. Nc4 h6 26. Rg3 Rf6 27. Re1 Be4 28.
Bd7 Rd8 29. Ba4 Ng6 30. Rf1 d5 31. Nd2 d4 32. Bb3 b5 33. c4 a6 34. a4 bxa4 35.
Bxa4 Rb8 36. b3 Kh7 37. Rh3 Rg8 38. g4 Kg7 39. Rg3 Rf7 40. h4 Kh7 41. h5 Nf8
42. g5 Re7 43. g6+ Kg7 44. Nf3 Ne6 45. Ne5 Nxf4 46. Rxf4 Rxe5 47. Bd7 Rd8 48.
Bxf5 Bxf5 49. Rgf3 d3 50. Rxf5 Rxf5 51. Rxf5 d2 52. Rf7+ Kg8 0-1

[Event "8.HK 60 aars Jubilaeumsturnering 2003"]
[Site "Farum"]
[Date "2003.10.15"]
[Round "4"]
[White "Christensen, Rene Baarup"]
[Black "Hansen, Henrik Damgaard"]
[Result "1-0"]
[WhiteElo "2020"]
[BlackElo "1703"]
[PlyCount "131"]
[EventDate "2003.??.??"]

1. e4 d5 2. exd5 Nf6 3. c4 e6 4. dxe6 Bxe6 5. Nf3 Nc6 6. d4 Bb4+ 7. Bd2 Qe7 8.
Qe2 O-O-O 9. d5 Rhe8 10. a3 Bxd2+ 11. Nbxd2 Bf5 12. Qxe7 Rxe7+ 13. Kd1 Ng4 14.
Kc1 Nd4 15. b3 Nc2 16. Ra2 Nxf2 17. Rg1 Ne1 18. Nd4 Ned3+ 19. Bxd3 Nxd3+ 20.
Kb1 Bg6 21. Ka1 c6 22. Rc2 Re1+ 23. Rxe1 Nxe1 24. Rc3 Nxg2 25. Rg3 Nf4 26. Rg4
Nd3 27. dxc6 b6 28. N4f3 Kc7 29. Rd4 Rd6 30. Rxd6 Kxd6 31. Nd4 a6 32. b4 Ne5
33. b5 a5 34. Kb2 f5 35. Kc3 h6 36. N2f3 Nxf3 37. Nxf3 Bf7 38. Kd4 g5 39. Ne5
Be6 40. Nd3 h5 41. c5+ bxc5+ 42. Nxc5 Bc8 43. Nb3 g4 44. Nxa5 f4 45. Nc4+ Kc7
46. Ke4 Be6 47. Nd2 f3 48. Ke5 Bf7 49. Kf4 Kb6 50. a4 f2 51. Kg3 Bb3 52. Kxf2
Bxa4 53. Nc4+ Kc7 54. Na3 Bb3 55. Kg3 Bf7 56. Nc2 Be6 57. Kh4 Kb6 58. Kxh5 Bd5
59. Kxg4 Kxb5 60. c7 Bb7 61. Nd4+ Kc5 62. Kg5 Kxd4 63. h4 Bc8 64. h5 Ke5 65. h6
Kd6 66. h7 1-0

[Event "8.HK 60 aars Jubilaeumsturnering 2003"]
[Site "Farum"]
[Date "2003.10.15"]
[Round "4"]
[White "Sorensen, Reto Utiger"]
[Black "Mortensen, Henrik"]
[Result "0-1"]
[WhiteElo "1918"]
[BlackElo "2018"]
[PlyCount "72"]
[EventDate "2003.??.??"]

1. d4 Nf6 2. Nf3 c5 3. e3 cxd4 4. exd4 d5 5. Bd3 Nc6 6. O-O g6 7. c3 Bg7 8. Re1
O-O 9. Nbd2 Bg4 10. h3 Bf5 11. Qc2 Bxd3 12. Qxd3 a6 13. Ne5 Nd7 14. Ndf3 Ncxe5
15. Nxe5 Nxe5 16. dxe5 e6 17. Qg3 Rc8 18. Be3 Qc7 19. Bd4 b5 20. Re3 Qb7 21. b4
Rc4 22. h4 h5 23. Re2 Rfc8 24. a4 a5 25. axb5 axb4 26. Ra7 Qxb5 27. Qf4 R4c7
28. Rxc7 Rxc7 29. Rb2 b3 30. Qg5 Rb7 31. g4 Qd3 32. gxh5 Qd1+ 33. Kg2 Qxh5 34.
Qxh5 gxh5 35. Bc5 Bxe5 36. Bb4 Rxb4 0-1

[Event "8.HK 60 aars Jubilaeumsturnering 2003"]
[Site "Farum"]
[Date "2003.10.15"]
[Round "4"]
[White "Olsen, Miriam Frida"]
[Black "Larsen, Knud"]
[Result "1-0"]
[WhiteElo "1966"]
[BlackElo "1830"]
[PlyCount "87"]
[EventDate "2003.??.??"]

1. e4 c5 2. Nf3 Nc6 3. Bb5 e6 4. Bxc6 bxc6 5. e5 f6 6. O-O fxe5 7. Nxe5 Nf6 8.
d3 Be7 9. b3 O-O 10. Bb2 Nd5 11. Nd2 Bf6 12. Ne4 Qe7 13. Qd2 Bb7 14. Rae1 d6
15. Nxf6+ Rxf6 16. Nc4 Rg6 17. f4 Rf8 18. g3 Qd8 19. Rf2 Bc8 20. Kh1 Ne7 21. d4
cxd4 22. Qxd4 Nf5 23. Qxa7 h5 24. Rg2 Rf7 25. Qb6 Qe8 26. Ne3 Nxe3 27. Qxe3 c5
28. Rf2 Bb7+ 29. Kg1 h4 30. Kf1 hxg3 31. hxg3 d5 32. Ke2 d4 33. Qd3 e5 34. Qxg6
e4 35. Rh2 Qb5+ 36. Kd1 Qa5 37. Reh1 Kf8 38. Rh8+ Ke7 39. R1h5 e3 40. Re5+ Kd7
41. Qxf7+ Kc6 42. Qe8+ Kd6 43. Re6+ Kd5 44. Rh5+ 1-0

[Event "8.HK 60 aars Jubilaeumsturnering 2003"]
[Site "Farum"]
[Date "2003.10.15"]
[Round "4"]
[White "Larsen, Finn (1950)"]
[Black "Edoo, Niels"]
[Result "1-0"]
[WhiteElo "1736"]
[BlackElo "1977"]
[PlyCount "43"]
[EventDate "2003.??.??"]

1. e4 c5 2. Nc3 d6 3. d3 Nf6 4. g3 Nc6 5. Bg2 a6 6. Bd2 e5 7. a4 Be7 8. Nge2
O-O 9. O-O Bg4 10. f3 Bd7 11. Qc1 Nd4 12. Rf2 h6 13. Nd5 Nxd5 14. exd5 b5 15.
Nxd4 exd4 16. Qe1 bxa4 17. Ba5 Qb8 18. Qxe7 Qxb2 19. Qe1 Qb5 20. Rb1 Rfb8 21.
Rxb5 axb5 22. Bc7 1-0

[Event "8.HK 60 aars Jubilaeumsturnering 2003"]
[Site "Farum"]
[Date "2003.10.15"]
[Round "4"]
[White "Thomsen, Frode Helvig"]
[Black "Skjoldager, Flemming"]
[Result "0-1"]
[WhiteElo "1558"]
[BlackElo "2123"]
[PlyCount "78"]
[EventDate "2003.??.??"]

1. d4 Nf6 2. e3 e6 3. Bd3 b6 4. Nd2 Bb7 5. Ngf3 c5 6. c3 Be7 7. O-O O-O 8. Qe2
d6 9. Ng5 Nbd7 10. f4 h6 11. Nge4 Kh8 12. Qf3 Rc8 13. Qh3 Nxe4 14. Nxe4 f5 15.
Nf2 Nf6 16. Bd2 Qe8 17. Be2 Kh7 18. Kh1 Rc7 19. Bf3 Qa8 20. Rae1 Ne4 21. Bxe4
Bxe4 22. Nxe4 Qxe4 23. Qf3 Qd5 24. e4 Qxa2 25. exf5 exf5 26. Bc1 cxd4 27. cxd4
Qf7 28. b3 Bf6 29. Bb2 g6 30. Re2 Re8 31. Rfe1 Rce7 32. g3 Rxe2 33. Rxe2 Rxe2
34. Qxe2 Qxb3 35. Kg2 a5 36. Kh3 a4 37. Ba1 Qb1 38. Bc3 b5 39. d5 Bxc3 0-1

[Event "8.HK 60 aars Jubilaeumsturnering 2003"]
[Site "Farum"]
[Date "2003.10.15"]
[Round "4"]
[White "Lilja, Richard"]
[Black "Christoffersen, Jan"]
[Result "1-0"]
[WhiteElo "2115"]
[BlackElo "1422"]
[PlyCount "69"]
[EventDate "2003.??.??"]

1. e4 e5 2. Nf3 Nc6 3. Nc3 Nf6 4. d4 d6 5. dxe5 dxe5 6. Qxd8+ Nxd8 7. Nxe5 Bb4
8. Bd3 O-O 9. Bg5 Ng4 10. Nxg4 Bxg4 11. Bd2 c6 12. h3 Bh5 13. O-O Ne6 14. g4
Bg6 15. f4 Nc5 16. f5 Nxd3 17. cxd3 Rad8 18. Rf3 Bxf5 19. gxf5 Rfe8 20. Rd1 Rd7
21. a3 Be7 22. Ne2 Red8 23. Bc3 f6 24. Nf4 Bc5+ 25. Kh1 Re8 26. Ne6 Bd6 27. Rg1
g5 28. Bxf6 h6 29. h4 Rh7 30. Rh3 Be7 31. hxg5 Bxf6 32. gxf6+ Kf7 33. Rg7+ Rxg7
34. fxg7 c5 35. Rxh6 1-0

[Event "8.HK 60 aars Jubilaeumsturnering 2003"]
[Site "Farum"]
[Date "2003.10.15"]
[Round "4"]
[White "Nielsen, Erik"]
[Black "Stolberg Rohr, Thomine"]
[Result "0-1"]
[WhiteElo "1390"]
[BlackElo "1844"]
[PlyCount "44"]
[EventDate "2003.??.??"]

1. f4 g6 2. Nf3 Bg7 3. e4 d6 4. d4 c5 5. c3 Nd7 6. Be3 Ngf6 7. Bd3 Ng4 8. Qe2
Nxe3 9. Qxe3 cxd4 10. cxd4 Qb6 11. Qf2 Nf6 12. h3 Nh5 13. g3 Bd7 14. Nc3 Rc8
15. e5 Nxg3 16. Rg1 Nh5 17. Bf1 Qb4 18. Rc1 Bc6 19. Bg2 Nxf4 20. Rd1 Ba4 21. a3
Qa5 22. b4 Bxd1 0-1

[Event "8.HK 60 aars Jubilaeumsturnering 2003"]
[Site "Farum"]
[Date "2003.10.15"]
[Round "4"]
[White "Larsen, Alex"]
[Black "Hansen, Alex Mehr"]
[Result "1/2-1/2"]
[WhiteElo "1234"]
[BlackElo "1771"]
[PlyCount "32"]
[EventDate "2003.??.??"]

1. e4 e5 2. Nf3 Nc6 3. Bc4 Be7 4. O-O Nf6 5. d4 d6 6. Nc3 Bg4 7. Be3 Bxf3 8.
gxf3 Nh5 9. Ne2 exd4 10. Nxd4 Nxd4 11. Qxd4 Bf6 12. Qd5 O-O 13. Qxh5 Bxb2 14.
Rad1 Qf6 15. Kh1 Rae8 16. Rg1 Be5 1/2-1/2

[Event "8.HK 60 aars Jubilaeumsturnering 2003"]
[Site "Farum"]
[Date "2003.10.15"]
[Round "4"]
[White "Jensen, Jonbert"]
[Black "Pedersen, Jens Kornbaek"]
[Result "0-1"]
[WhiteElo "1291"]
[BlackElo "1339"]
[PlyCount "92"]
[EventDate "2003.??.??"]

1. e4 c5 2. Nf3 d6 3. d4 cxd4 4. Nxd4 Nf6 5. Nc3 a6 6. Bd3 e5 7. Nb3 Be7 8. O-O
O-O 9. Nd5 b5 10. Be3 Nbd7 11. Na5 Nxd5 12. exd5 Qxa5 13. f4 Bb7 14. Bf5 Nf6
15. fxe5 Nxd5 16. Bd4 dxe5 17. Bxe5 Ne3 18. Qd3 Nxf5 19. Qxf5 Bc5+ 20. Kh1 Qd2
21. Qg4 g6 22. Bf4 Qd5 23. c3 Rfe8 24. Qg3 Re2 25. Qf3 Qxf3 26. gxf3 Rxb2 27.
Rad1 Rxa2 28. Rd7 Ra1 29. Kg2 Rxf1 30. Kxf1 Bxf3 31. Rc7 Bb6 32. Re7 Rd8 33.
Bg3 a5 34. Re5 Bc7 35. Rxb5 Bxg3 36. hxg3 Ra8 37. Rb3 a4 38. Ra3 Bc6 39. Kf2 f5
40. Ke3 g5 41. Kd4 Re8 42. c4 Re4+ 43. Kc5 Be8 44. Rc3 f4 45. gxf4 gxf4 46. Kb4
Bf7 0-1

[Event "8.HK 60 aars Jubilaeumsturnering 2003"]
[Site "Farum"]
[Date "2003.10.15"]
[Round "4"]
[White "Hein, Jacob"]
[Black "Olsen, Ole"]
[Result "1-0"]
[WhiteElo "1338"]
[BlackElo "1179"]
[PlyCount "53"]
[EventDate "2003.??.??"]

1. e4 e5 2. Nf3 d6 3. h3 Nf6 4. Nc3 Be7 5. Bd3 Be6 6. Ne2 Nbd7 7. Ng5 Nc5 8.
Nxe6 Nxe6 9. O-O Nc5 10. Bc4 Nfxe4 11. d4 d5 12. Bxd5 Qxd5 13. dxc5 Qxc5 14.
Qd3 Nf6 15. Be3 Qc6 16. Qf5 Qe4 17. Ng3 Qd5 18. Rad1 Qb5 19. Qg5 g6 20. Bf4 Nh5
21. Qxe5 Qxe5 22. Bxe5 Rg8 23. Rfe1 Nxg3 24. fxg3 c6 25. Bf6 Rd8 26. Rxe7+ Kf8
27. Rxd8# 1-0

[Event "8.HK 60 aars Jubilaeumsturnering 2003"]
[Site "Farum"]
[Date "2003.10.16"]
[Round "5"]
[White "Lauritsen, Martin Lee"]
[Black "Rathlev, Jakob"]
[Result "1/2-1/2"]
[WhiteElo "1955"]
[BlackElo "2203"]
[PlyCount "97"]
[EventDate "2003.??.??"]

1. e4 c5 2. Nf3 e6 3. d4 cxd4 4. Nxd4 a6 5. Nc3 Qc7 6. Be3 Nf6 7. Bd3 b5 8. a3
Bb7 9. O-O Be7 10. Nb3 O-O 11. f4 d6 12. Qe1 Nbd7 13. Qg3 Kh8 14. Rae1 e5 15.
f5 d5 16. exd5 Nxd5 17. Bd2 Nxc3 18. Bxc3 f6 19. Kh1 Nc5 20. Nxc5 Bxc5 21. Be4
Rad8 22. Ba5 Bb6 23. Bxb6 Qxb6 24. Bxb7 Qxb7 25. Rd1 Rd7 26. Qe3 Rfd8 27. Qe2
Rd4 28. h3 Qd7 29. Rxd4 Qxd4 30. Re1 Kg8 31. c3 Qd2 32. Kg1 Qg5 33. Qe4 h5 34.
Kf2 h4 35. Re2 Qg3+ 36. Kf1 Rd1+ 37. Re1 Rd2 38. Re2 Rd1+ 39. Re1 Rxe1+ 40.
Qxe1 Qf4+ 41. Kg1 Qxf5 42. a4 Qf4 43. axb5 axb5 44. Qe2 Qg3 45. Qxb5 Qe3+ 46.
Kf1 Qf4+ 47. Ke2 Qe4+ 48. Kd1 Qxg2 49. Qe8+ 1/2-1/2

[Event "8.HK 60 aars Jubilaeumsturnering 2003"]
[Site "Farum"]
[Date "2003.10.16"]
[Round "5"]
[White "Bromann, Thorbjorn"]
[Black "Kongsted, Halfdan Christian"]
[Result "1-0"]
[WhiteElo "2323"]
[BlackElo "2280"]
[PlyCount "69"]
[EventDate "2003.??.??"]

1. e4 c5 2. Nf3 Nc6 3. d4 cxd4 4. Nxd4 Nf6 5. Nc3 e5 6. Ndb5 d6 7. Bg5 a6 8.
Na3 b5 9. Bxf6 gxf6 10. Nd5 f5 11. Bd3 Be6 12. Qh5 Rg8 13. g3 Rg5 14. Qd1 Bxd5
15. exd5 Ne7 16. Qd2 Rg6 17. c4 e4 18. Be2 Bh6 19. Qb4 bxc4 20. Rd1 Kf8 21.
Nxc4 Rb8 22. Qc3 Bg7 23. Qa3 f4 24. gxf4 Qd7 25. h4 Bh6 26. Rd4 Bxf4 27. Rxe4
Nxd5 28. Qd3 Qb5 29. Qd4 Rf6 30. Nxd6 Qa5+ 31. b4 Rxb4 32. Re8+ Kg7 33. Rg1+
Kh6 34. Nf5+ Rxf5 35. Qg7# 1-0

[Event "8.HK 60 aars Jubilaeumsturnering 2003"]
[Site "Farum"]
[Date "2003.10.16"]
[Round "5"]
[White "Erichsen, Dan"]
[Black "Andersen, Ib Hother"]
[Result "1/2-1/2"]
[WhiteElo "2154"]
[BlackElo "2137"]
[PlyCount "40"]
[EventDate "2003.??.??"]

1. e4 e6 2. d4 d5 3. e5 c5 4. c3 Nc6 5. Nf3 Qb6 6. a3 c4 7. Nbd2 Na5 8. g3 Bd7
9. Bh3 h6 10. O-O O-O-O 11. Rb1 Ne7 12. Re1 Kb8 13. Bf1 Qc7 14. Nh4 Nc8 15. f4
Be7 16. Ndf3 Nb6 17. Qe2 Rde8 18. Bh3 Reg8 19. Ng2 Nb3 20. Be3 g6 1/2-1/2

[Event "8.HK 60 aars Jubilaeumsturnering 2003"]
[Site "Farum"]
[Date "2003.10.16"]
[Round "5"]
[White "Bogdanov, Dimitri"]
[Black "Skjoldan, Benjamin"]
[Result "1-0"]
[WhiteElo "2111"]
[BlackElo "2104"]
[PlyCount "39"]
[EventDate "2003.??.??"]

1. e4 c5 2. Nc3 e6 3. f4 a6 4. Nf3 b5 5. d3 Bb7 6. g3 d5 7. Qe2 Be7 8. Bg2 Nf6
9. e5 Nfd7 10. O-O Nc6 11. f5 Qc7 12. Bf4 O-O-O 13. fxe6 fxe6 14. Nxd5 exd5 15.
e6 Bd6 16. exd7+ Qxd7 17. Ng5 Nd4 18. Qd2 Bxf4 19. Rxf4 Nf5 20. Rxf5 1-0

[Event "8.HK 60 aars Jubilaeumsturnering 2003"]
[Site "Farum"]
[Date "2003.10.16"]
[Round "5"]
[White "Mortensen, Henrik"]
[Black "Strange, Mikkel"]
[Result "1/2-1/2"]
[WhiteElo "2018"]
[BlackElo "2256"]
[PlyCount "51"]
[EventDate "2003.??.??"]

1. e4 e5 2. d4 exd4 3. Nf3 Nc6 4. Nxd4 Bc5 5. Be3 Qf6 6. c3 Nge7 7. Bc4 Ne5 8.
Be2 Qg6 9. O-O d5 10. Bh5 Bg4 11. Bxg6 Bxd1 12. Bxf7+ Kxf7 13. Rxd1 Nc4 14. Nd2
Nxb2 15. Rdc1 Nc4 16. Nxc4 dxc4 17. Rab1 b6 18. f4 a6 19. a4 Nc6 20. Kf2 Na5
21. g4 c6 22. Rd1 Rhd8 23. f5 b5 24. axb5 Bxd4 25. Bxd4 axb5 26. e5 1/2-1/2